Permata yang hilang

Bibliographic Details
Main Author: Lily Haslina Nasir
Format: Book
Published: Kuala Lumpur : DBP , 1993
Series:Novel remaja
Subjects:

MARC

LEADER 00000cam a2200000 7i4500
001 0000006573
002 000007090
005 20000330.0
020 |a 9836230378 
090 0 0 |a JF   |b LIL 
100 0 |a Lily Haslina Nasir 
245 1 0 |a Permata yang hilang   |c Lily Haslina Nasir 
260 |a Kuala Lumpur :   |b DBP ,   |c 1993 
300 |a 155p. ;   |c 18cm. 
490 0 |a Novel remaja 
650 0 0 |a Children's stories, Malay 
999 |a 029691   |b BUKU   |c PINJAMAN   |e PERPUSTAKAAN KOMUNITI PETALING JAYA 
999 |a 055111   |b BUKU   |c PINJAMAN   |e PERPUSTAKAAN KOMUNITI CAW KOTA DAMANSARA